000 00794nam a2200217 a 4500
008 951214s1988||||[C 0 slo c
020 _c18 Kčs.
_q(18000 výtl.)
040 _aSNK
_bslo
_cSNK
_eAACR2
041 1 _aslo
_hrus
044 _axo
_cSK
080 _a141.82(081)
100 1 _aLenin, Vladimir Iľjič
_4aut
245 1 0 _aZobrané spisy. /Zv./ 42
_bNovember 1920 - marec 1921
_cVladimir Iľjič Lenin ; Anna Kovačičová, Oto Takáč
250 _a2., vyd.
260 _aBratislava
_bPravda
_c1988
_eBratislava
_fPravda
300 _a751 s., 32,37 AH
_bFot.
_c22 cm
500 _aPozn. Faksim. rkp. Zozn. nenájdených prác V. I. Lenina. Reg. lit. prác a prameňov. Men. reg. Životopis. údaje.
700 1 _aKovačičová, Anna
_4trl
700 1 _aTakáč, Oto
_4bkd
958 _aA
999 _c15457
_d15457